| 000 | 00335nam a2200145Ia 4500 | ||
|---|---|---|---|
| 008 | 230711s9999||||xx |||||||||||||| ||und|| | ||
| 041 | _aENG | ||
| 082 |
_a526 _bKO-S |
||
| 100 | _aKochhar,CL | ||
| 245 | 0 | _aSurveying-II | |
| 260 |
_c2010 _aNew Delhi _bS.K Kataria & Sons |
||
| 300 | _a222p. | ||
| 650 | _aCivil Engineering | ||
| 942 | _cBK | ||
| 999 |
_c7707 _d7707 |
||